[Event "53rd Rilton Cup 2025-26"]
[Site "Stockholm SWE"]
[Date "2026.01.03"]
[Round "7.4"]
[White "Siva, Mahadevan"]
[Black "Bauer, Christian"]
[Result "1-0"]
[WhiteTitle "IM"]
[BlackTitle "GM"]
[WhiteElo "2427"]
[BlackElo "2552"]
[WhiteFideId "25043153"]
[BlackFideId "603767"]
[EventDate "2025.12.27"]

1. e4 c5 2. Nf3 Nc6 3. d4 cxd4 4. Nxd4 Qb6 5. Nb3 Nf6 6. Nc3 e6 7. a3 Qc7 8. Be3
a6 9. f4 d6 10. g4 h6 11. Qf3 b5 12. O-O-O b4 13. axb4 Nxb4 14. Rd4 d5 15. exd5
Bb7 16. Rc4 Qd7 17. Nc5 Bxc5 18. Bxc5 Nbxd5 19. Bg2 Rb8 20. Rd1 Qc7 21. Qf1 Nb6
22. Bxb7 Rxb7 23. Rdd4 Nxc4 24. Rxc4 Qd7 25. Qe2 Rc7 26. Qe5 Qc6 27. b3 Rg8 28.
Bg1 Qg2 29. Rxc7 Qxg1+ 30. Kb2 Qb6 31. g5 Ng4 32. Nd5 1-0

[Event "53rd Rilton Cup 2025-26"]
[Site "Stockholm SWE"]
[Date "2026.01.03"]
[Round "7.5"]
[White "Falkevall, Axel"]
[Black "Li, Di"]
[Result "0-1"]
[WhiteTitle "FM"]
[BlackTitle "GM"]
[WhiteElo "2365"]
[BlackElo "2549"]
[WhiteFideId "1735560"]
[BlackFideId "8607508"]
[EventDate "2025.12.27"]

1. d4 Nf6 2. c4 e6 3. Nc3 Bb4 4. e3 O-O 5. Bd2 d5 6. Nf3 Re8 7. Rc1 Bf8 8. Bd3
Nbd7 9. Qc2 a6 10. cxd5 exd5 11. g4 g6 12. g5 Nh5 13. Kf1 Nc5 14. dxc5 Bh3+ 15.
Ke1 Bg2 16. Rg1 Bxf3 17. Be2 Bxe2 18. Nxe2 Re4 19. Qd3 c6 20. f3 Rh4 21. Rg2 Qc7
22. f4 Re8 23. Kf2 Bg7 24. b3 Rh3 25. Ng3 d4 26. Rc4 dxe3+ 27. Bxe3 f5 28. gxf6
Nxf6 29. f5 Nd5 30. Bd2 Rf8 31. Qe2 Qe5 32. Qg4 Rxg3 33. Rxg3 Rxf5+ 34. Kg1 Nf6
35. Qd1 Ne4 36. Rd3 Rf2 37. Rd8+ Bf8 38. Rxf8+ Rxf8 39. Bh6 Nf2 40. Qd7 Nh3+ 41.
Kg2 Rf2+ 42. Kxh3 Qxh2+ 43. Kg4 Qh5+ 44. Kg3 Qf3+ 0-1

[Event "53rd Rilton Cup 2025-26"]
[Site "Stockholm SWE"]
[Date "2026.01.03"]
[Round "7.6"]
[White "Heberla, Bartlomiej"]
[Black "Xie, Kaifan"]
[Result "1/2-1/2"]
[WhiteTitle "GM"]
[BlackTitle "IM"]
[WhiteElo "2508"]
[BlackElo "2426"]
[WhiteFideId "1115120"]
[BlackFideId "8619107"]
[EventDate "2025.12.27"]

1. e4 e5 2. Nf3 Nc6 3. Bb5 a6 4. Ba4 Nf6 5. O-O Be7 6. Re1 b5 7. Bb3 O-O 8. a4
b4 9. d4 d6 10. dxe5 Nxe5 11. Bf4 Ng6 12. Bg3 Bb7 13. Nbd2 Nd7 14. Bd5 Bxd5 15.
exd5 Bf6 16. Nc4 Nc5 17. Qd2 Qd7 18. Qxb4 Rfb8 19. Qa3 Ne7 20. Be5 Nxd5 21. Red1
Qe6 22. Nd4 Qd7 23. Nf3 Qe6 24. Nd4 Qd7 25. Bxf6 Nxf6 26. Qf3 d5 27. Ne5 Qe8 28.
Nec6 Rb6 29. b4 Nce4 30. b5 axb5 31. axb5 Rxa1 32. Rxa1 Nd6 33. Qe3 1/2-1/2

[Event "53rd Rilton Cup 2025-26"]
[Site "Stockholm SWE"]
[Date "2026.01.03"]
[Round "7.7"]
[White "Sai, Krishna G V"]
[Black "Blomqvist, Erik"]
[Result "1-0"]
[WhiteTitle "IM"]
[BlackTitle "GM"]
[WhiteElo "2415"]
[BlackElo "2490"]
[WhiteFideId "5028280"]
[BlackFideId "1709437"]
[EventDate "2025.12.27"]

1. e4 e5 2. Nf3 Nc6 3. Bb5 g6 4. c3 Bg7 5. d4 exd4 6. cxd4 a6 7. Ba4 b5 8. Bc2
d5 9. exd5 Nce7 10. Nc3 Nf6 11. O-O O-O 12. Bg5 Qd6 13. a4 Bb7 14. axb5 axb5 15.
Nxb5 Qb6 16. Nc3 Qxb2 17. Na4 Qb5 18. Re1 Bxd5 19. Ne5 Rfe8 20. Rb1 Qa5 21. Nc5
Nc6 22. Bd2 Qa3 23. Ba4 Nxe5 24. Bxe8 Nf3+ 25. gxf3 Nxe8 26. Re3 Qa7 27. Bc3 Nd6
28. Ra1 Qb8 29. Rxa8 Qxa8 30. Qa4 Qb8 31. Ne4 Nb5 32. Bb2 c6 33. Nc3 Be6 34.
Nxb5 cxb5 35. Qb4 Bf8 36. Qc3 b4 37. Qc6 Bh3 38. Re8 Qf4 39. Qc5 Qh6 40. Qe5 Qd2
41. d5 Qd1+ 42. Qe1 Qxd5 43. Bf6 Qd7 44. Rd8 Qc7 45. Be7 b3 46. Rxf8+ Kg7 47.
Qa1+ Kh6 48. Rxf7 1-0

[Event "53rd Rilton Cup 2025-26"]
[Site "Stockholm SWE"]
[Date "2026.01.03"]
[Round "7.8"]
[White "Raczek, Krzysztof"]
[Black "Delgerdalai, Bayarjavkhlan"]
[Result "1/2-1/2"]
[WhiteTitle "IM"]
[BlackTitle "FM"]
[WhiteElo "2489"]
[BlackElo "2376"]
[WhiteFideId "21005303"]
[BlackFideId "23727276"]
[EventDate "2025.12.27"]

1. e4 e5 2. Nf3 Nc6 3. Bb5 Nf6 4. d3 Bc5 5. Ba4 O-O 6. O-O d6 7. c3 h6 8. Re1
Bb6 9. h3 Ne7 10. Nbd2 c6 11. Nf1 Ng6 12. Ng3 d5 13. exd5 Nxd5 14. d4 exd4 15.
Nxd4 Re8 16. Bd2 Bd7 17. Rxe8+ Qxe8 18. Qf1 Qf8 19. Rd1 Rd8 20. Bc2 Bc8 21. Bc1
Nf6 22. Ndf5 Be6 23. a3 Ne7 24. Nd4 Bxd4 25. cxd4 Ned5 26. Qd3 Qd6 27. Ne4 Nxe4
28. Qxe4 Nf6 29. Qh4 Bd5 30. Re1 Re8 31. Rxe8+ Nxe8 32. Bf4 Qf6 33. Qg3 Qe6 34.
Be5 Kf8 35. Kh2 a6 36. Qc3 Qe7 37. Qg3 Kg8 38. Bf4 Qf6 39. Bd3 Kf8 40. Bd2 Kg8
41. Qe5 Qd8 42. Bf4 Be6 43. Qe3 Nd6 44. Qe5 Nc4 45. Qe4 Nxb2 46. Qh7+ Kf8 47.
Be5 f6 48. Bg3 Nxd3 49. Qxd3 Kf7 50. Qb1 1/2-1/2

[Event "53rd Rilton Cup 2025-26"]
[Site "Stockholm SWE"]
[Date "2026.01.03"]
[Round "7.9"]
[White "Sengupta, Deep"]
[Black "Makkar, Rajat"]
[Result "1-0"]
[WhiteTitle "GM"]
[BlackTitle "IM"]
[WhiteElo "2479"]
[BlackElo "2396"]
[WhiteFideId "5008352"]
[BlackFideId "36016810"]
[EventDate "2025.12.27"]

1. e4 e5 2. Nf3 Nc6 3. d4 exd4 4. Nxd4 Nf6 5. Nxc6 bxc6 6. e5 Qe7 7. Qe2 Nd5 8.
c4 Ba6 9. Nd2 Nf4 10. Qe4 Ne6 11. b3 g6 12. Bb2 Bg7 13. O-O-O O-O 14. h4 Rad8
15. h5 d5 16. Qg4 Bc8 17. f4 Nd4 18. Qg3 Nf5 19. Qf2 Nh6 20. Be2 f6 21. hxg6
fxe5 22. gxh7+ Kh8 23. Nf3 Rxf4 24. Qg3 Ng4 25. Rh5 d4 26. Nh4 Qf7 27. Rg5 Bh6
28. Ng6+ Kxh7 29. Rh1 Qf6 30. Rxh6+ Nxh6 31. Nxf4 Qxf4+ 32. Qxf4 exf4 33. Bd3+
Kh8 34. Ba3 Nf7 35. Ra5 Re8 36. Bc5 Kg8 37. Rxa7 Ne5 38. Be4 Nxc4 39. Rxc7 Ne5
40. Bh7+ Kh8 41. Bxd4 1-0

[Event "53rd Rilton Cup 2025-26"]
[Site "Stockholm SWE"]
[Date "2026.01.03"]
[Round "7.10"]
[White "Lad, Mandar Pradip"]
[Black "Dai, Changren"]
[Result "0-1"]
[BlackTitle "GM"]
[WhiteElo "2392"]
[BlackElo "2551"]
[WhiteFideId "25747630"]
[BlackFideId "8608156"]
[EventDate "2025.12.27"]

1. e4 c6 2. d4 d5 3. e5 Bf5 4. Nd2 e6 5. Nb3 Nd7 6. Nf3 Ne7 7. Be2 h6 8. O-O g5
9. a4 Bg7 10. a5 Qc7 11. Bd2 c5 12. Bb5 c4 13. Nc5 Nc6 14. Nxd7 Qxd7 15. Re1 Bf8
16. h4 g4 17. Nh2 h5 18. Bg5 a6 19. Ba4 Be7 20. Bxe7 Qxe7 21. g3 O-O-O 22. Bxc6
bxc6 23. Qd2 Kd7 24. Nf1 Rb8 25. Ne3 Bg6 26. b3 cxb3 27. cxb3 Rxb3 28. Rec1 Qb4
29. Qd1 Rb8 30. Ng2 Rb2 0-1

[Event "53rd Rilton Cup 2025-26"]
[Site "Stockholm SWE"]
[Date "2026.01.03"]
[Round "7.11"]
[White "Sidhant, Mohapatra"]
[Black "Dotzer, Lukas"]
[Result "0-1"]
[WhiteTitle "IM"]
[BlackTitle "IM"]
[WhiteElo "2388"]
[BlackElo "2478"]
[WhiteFideId "5028698"]
[BlackFideId "1666975"]
[EventDate "2025.12.27"]

1. e4 c5 2. Nf3 d6 3. d4 cxd4 4. Nxd4 Nf6 5. Nc3 a6 6. h3 e5 7. Nde2 h5 8. Bg5
Be6 9. Bxf6 Qxf6 10. Nd5 Qd8 11. Qd3 Nd7 12. O-O-O g6 13. Kb1 Nc5 14. Qf3 Bg7
15. Nec3 b5 16. Be2 Rc8 17. g4 hxg4 18. hxg4 Rxh1 19. Qxh1 Kf8 20. Ne3 Rb8 21.
Ncd5 Bd7 22. Rg1 Qg5 23. Nf5 Nxe4 24. Qxe4 Bxf5 25. Qb4 Rd8 26. Rd1 Bc8 27. Nb6
Be6 28. Rxd6 Kg8 29. Qc5 Bf8 30. Rxd8 Qxd8 31. Qe3 Qc7 32. Na8 Qc6 33. Bf3 Bd5
34. Bxd5 Qxd5 35. Nb6 Qh1+ 36. Qc1 Qc6 0-1

[Event "53rd Rilton Cup 2025-26"]
[Site "Stockholm SWE"]
[Date "2026.01.03"]
[Round "7.12"]
[White "Cieslak, Patryk"]
[Black "Vestby-Ellingsen, Mads"]
[Result "1-0"]
[WhiteTitle "IM"]
[BlackTitle "IM"]
[WhiteElo "2477"]
[BlackElo "2385"]
[WhiteFideId "21078882"]
[BlackFideId "1520857"]
[EventDate "2025.12.27"]

1. e4 e5 2. Nf3 Nc6 3. Bc4 Bc5 4. c3 Nf6 5. d3 d6 6. Bg5 h6 7. Bh4 a5 8. Nbd2
Ba7 9. Qe2 Qe7 10. Bb5 Bd7 11. Nc4 g5 12. Bg3 Nh5 13. O-O-O Nf4 14. Bxf4 exf4
15. Rde1 O-O 16. Qd2 Ne5 17. Bxd7 Nxf3 18. gxf3 Qxd7 19. h4 f6 20. hxg5 hxg5 21.
Rh2 Kg7 22. Rg1 Rh8 23. Qxf4 Rxh2 24. Qxh2 Rh8 25. Qg2 d5 26. exd5 Rh4 27. d4
Qxd5 28. Ne3 Qd7 29. f4 Rxf4 30. Qh2 Re4 31. Rg3 c5 32. Rh3 Rh4 33. Rxh4 gxh4
34. Qxh4 cxd4 35. cxd4 Kg6 36. Nc2 Qd5 37. Kd2 a4 38. Qg3+ Kf7 39. Qc7+ Kg6 40.
Qg3+ Kf7 41. Qc7+ Kg6 42. Qc3 Bb6 43. Qd3+ f5 44. b3 axb3 45. axb3 Ba5+ 46. Ke2
Bb6 47. Ne3 Qe4 48. Qxe4 fxe4 49. Nc4 Bxd4 50. Nd6 Kf6 51. Nxe4+ Ke5 52. Kd3 Ba7
53. b4 b5 54. f3 Bb6 55. Nc3 Bd8 56. Nxb5 Kf4 57. Nd4 Bb6 58. b5 Ke5 59. Ne2 Ba5
60. Kc4 Bb6 61. Nc3 Ba7 62. Nd5 Bg1 63. Nc3 Ba7 64. Ne2 Bf2 65. Nc1 Bb6 66. Nd3+
Ke6 67. Nc5+ Kf5 68. Nd7 Bc7 69. Kd5 Kf4 70. Kc6 Bd8 71. Nc5 Kxf3 72. Nb7 Bh4
73. b6 Bf2 74. Nc5 Bg3 75. b7 Bb8 76. Kb6 Be5 77. Na6 Bd4+ 78. Kc7 Ke4 79. Kc8
Ba7 80. Nb4 1-0

[Event "53rd Rilton Cup 2025-26"]
[Site "Stockholm SWE"]
[Date "2026.01.03"]
[Round "7.13"]
[White "Avinash, Ramesh"]
[Black "Willow, Jonah B"]
[Result "0-1"]
[WhiteTitle "IM"]
[BlackTitle "IM"]
[WhiteElo "2370"]
[BlackElo "2473"]
[WhiteFideId "45018340"]
[BlackFideId "438804"]
[EventDate "2025.12.27"]

1. e4 e6 2. d4 d5 3. Nc3 Bb4 4. e5 c5 5. a3 Bxc3+ 6. bxc3 Nc6 7. Qg4 g6 8. Qf4
h6 9. h4 Bd7 10. dxc5 Qc7 11. Nf3 O-O-O 12. Bd3 f6 13. Bxg6 fxe5 14. Qh2 Nge7
15. h5 Nxg6 16. hxg6 Rdg8 17. Qg3 Be8 18. Nh4 Ne7 19. g7 Rh7 20. Nf3 Nc6 21.
Rxh6 Rhxg7 22. Qh3 Rxg2 23. Qxe6+ Bd7 24. Qxd5 e4 25. Bg5 R8xg5 26. Nxg5 Rg1+
27. Ke2 Bg4+ 28. f3 exf3+ 29. Ke3 Rxa1 30. Rh8+ Nd8 31. Nf7 Re1+ 32. Kf2 Re2+
33. Kf1 Bh3+ 34. Rxh3 Qxf7 35. Qd3 Qd7 36. Rxf3 Qxd3 37. cxd3 Ra2 38. d4 Rxa3
39. Ke2 Ra1 40. Kd3 Rh1 41. Kc4 Kd7 42. Rf2 Kc7 43. Ra2 a6 44. Rg2 Rh7 45. Rf2
Nc6 46. Rf4 Rg7 47. Rf5 Ne7 48. Re5 Rf7 49. Re4 Kd7 50. Rg4 Nf5 51. Kd3 Rg7 52.
Rxg7+ Nxg7 53. d5 Ne8 54. Kd4 Nf6 55. Kc4 Kc7 56. Kd4 a5 57. Kc4 a4 58. Kb4
Nxd5+ 59. Kxa4 Kc6 0-1

[Event "53rd Rilton Cup 2025-26"]
[Site "Stockholm SWE"]
[Date "2026.01.03"]
[Round "7.14"]
[White "Rozentalis, Eduardas"]
[Black "Waldhausen Gordon, Frederick"]
[Result "1-0"]
[WhiteTitle "GM"]
[BlackTitle "FM"]
[WhiteElo "2461"]
[BlackElo "2393"]
[WhiteFideId "12800023"]
[BlackFideId "2409143"]
[EventDate "2025.12.27"]

1. e4 c6 2. Nc3 d5 3. Nf3 dxe4 4. Nxe4 Nf6 5. d3 Nxe4 6. dxe4 Qxd1+ 7. Kxd1 f6
8. Be3 e5 9. Nd2 Be6 10. Bc4 Kf7 11. Ke2 Nd7 12. Bxe6+ Kxe6 13. Nb3 Bd6 14. Rhd1
Bc7 15. Rd3 Rhd8 16. Rad1 b6 17. f4 Ke7 18. f5 Nf8 19. g4 Rxd3 20. cxd3 h6 21.
h4 Nd7 22. Rc1 Kd6 23. d4 Re8 24. Rd1 Ke7 25. d5 c5 26. a4 Bd6 27. Nd2 a6 28.
Nc4 b5 29. axb5 axb5 30. Nxd6 Kxd6 31. Ra1 Rb8 32. Ra6+ Rb6 33. Ra7 Rb8 34. Kd3
Rb6 35. Kc3 Rb8 36. Kc2 Rc8 37. Ra6+ Ke7 38. Bd2 Rb8 39. Ba5 Rb7 40. Bc7 Kf7 41.
Bd6 Ke8 42. h5 Kf7 43. Kb3 Ke8 44. Ra8+ Kf7 45. Rc8 Ra7 46. Rd8 Rb7 47. Ra8 Rb6
48. Bc7 Rb7 49. d6 b4 50. Kc4 b3 51. Ba5 Rb8 52. Rxb8 Nxb8 53. Kxb3 Nc6 54. Bb6
Ke8 55. Bxc5 Kd7 56. Kc3 Nd8 57. Kc4 Nb7 58. b4 Kc6 59. b5+ Kd7 60. Kd5 Nd8 61.
Bb6 Nb7 62. Bc7 Kc8 63. Kc6 Nd8+ 64. Bxd8 Kxd8 65. b6 Kc8 66. Kc5 g5 67. hxg6 1-0

[Event "53rd Rilton Cup 2025-26"]
[Site "Stockholm SWE"]
[Date "2026.01.03"]
[Round "7.15"]
[White "Baenziger, Fabian"]
[Black "Miezis, Normunds"]
[Result "1-0"]
[WhiteTitle "IM"]
[BlackTitle "GM"]
[WhiteElo "2451"]
[BlackElo "2375"]
[WhiteFideId "1330110"]
[BlackFideId "11600136"]
[EventDate "2025.12.27"]

1. e4 c5 2. Nf3 e6 3. d4 cxd4 4. Nxd4 a6 5. Bd3 Ne7 6. O-O Nbc6 7. Be3 Nxd4 8.
Bxd4 Nc6 9. Bc3 b5 10. a3 Bb7 11. Nd2 Qc7 12. f4 b4 13. axb4 Nxb4 14. Kh1 Bc6
15. Qh5 Qb7 16. f5 Nxd3 17. cxd3 Bb5 18. Nf3 e5 19. Nxe5 d6 20. Nc4 O-O-O 21.
Ba5 Re8 22. Rfc1 Kb8 23. Qf3 Rc8 24. Nb6 Rc5 25. Qf4 Rc6 26. Rxc6 Bxc6 27. Nc4
Be7 28. Bc3 f6 29. Na5 Qd7 30. Qg3 Rg8 31. Nxc6+ Qxc6 32. Ra5 Ka8 33. Qf3 Rb8
34. g3 Rb7 35. Kg2 Bd8 36. Ra1 Qb5 37. Qd1 Kb8 38. Ra4 Bb6 39. Rb4 Qc5 40. Qe1
Qc6 41. Qa1 a5 42. Qa4 Qc5 43. d4 Qc7 44. Rb5 g6 45. Rd5 g5 46. Rb5 g4 47. Qb3
h5 48. Qg8+ Ka7 49. Qd5 Rb8 50. Kf1 Ka6 51. Rb3 Rc8 52. Qb5+ Ka7 53. Ke2 h4 54.
Ra3 hxg3 55. hxg3 Rh8 56. Bxa5 Kb7 57. Rc3 Rh2+ 58. Kd3 Qd8 59. Qc6+ 1-0

[Event "53rd Rilton Cup 2025-26"]
[Site "Stockholm SWE"]
[Date "2026.01.03"]
[Round "7.16"]
[White "Das, Sayantan"]
[Black "Yang, Zilong"]
[Result "1-0"]
[WhiteTitle "GM"]
[BlackTitle "FM"]
[WhiteElo "2434"]
[BlackElo "2386"]
[WhiteFideId "5034426"]
[BlackFideId "8641528"]
[EventDate "2025.12.27"]

1. e4 c5 2. Nf3 e6 3. d4 cxd4 4. Nxd4 Nc6 5. Nc3 Qc7 6. Be3 a6 7. Bd3 Nf6 8. Qe2
Be7 9. O-O-O Ne5 10. f4 Nxd3+ 11. Rxd3 d6 12. Rf1 O-O 13. Kb1 Re8 14. Bc1 Nd7
15. f5 Ne5 16. Rh3 g6 17. f6 Bf8 18. Rf4 Qd8 19. Qf2 h5 20. Rfh4 Ng4 21. Rxg4
hxg4 22. Rh4 e5 23. Bh6 g3 24. hxg3 g5 25. Bxg5 exd4 26. Qf3 Bg7 27. Qh5 Bxf6
28. Nd5 Rxe4 29. Qh7+ Kf8 30. Rxe4 Be6 31. Bxf6 1-0

[Event "53rd Rilton Cup 2025-26"]
[Site "Stockholm SWE"]
[Date "2026.01.03"]
[Round "7.17"]
[White "Pranav K P"]
[Black "Hillarp Persson, Tiger"]
[Result "0-1"]
[WhiteTitle "FM"]
[BlackTitle "GM"]
[WhiteElo "2369"]
[BlackElo "2428"]
[WhiteFideId "25685805"]
[BlackFideId "1700812"]
[EventDate "2025.12.27"]

1. d4 Nf6 2. c4 e6 3. Nf3 d5 4. Nc3 c6 5. e3 Nbd7 6. Qc2 b6 7. cxd5 cxd5 8. Nb5
Bb4+ 9. Bd2 Bxd2+ 10. Nxd2 O-O 11. Bd3 a6 12. Nd6 b5 13. e4 Qb6 14. e5 Qxd4 15.
exf6 Qe5+ 16. N6e4 dxe4 17. Bxe4 Bb7 18. O-O Bxe4 19. Qxe4 Qxf6 20. b4 Qc3 21.
Nb3 Nf6 22. Qd4 Qxd4 23. Nxd4 Nd5 24. a4 bxa4 25. Rxa4 Rfc8 26. Rfa1 Rab8 27.
Rxa6 Nxb4 28. Ra7 h6 29. g3 Rd8 30. Nf3 Nd3 31. Rd1 Rd5 32. Ra3 Rbd8 33. Ne1 Nc5
34. Rda1 g5 35. Ra8 Kg7 36. Rxd8 Rxd8 37. Nf3 Kf6 38. h3 Rd5 39. Ra7 e5 40. Rc7
Ne6 41. Rc4 h5 42. Kf1 Ke7 43. Ra4 Kf6 44. Rb4 Kf5 45. g4+ Kg6 46. Rb6 e4 47.
Ne1 h4 48. Ke2 Kf6 49. Ke3 Ke5 50. Rb4 Nd4 51. f3 f5 52. fxe4 fxe4 53. Rc4 Rb5
54. Nd3+ exd3 55. Rxd4 Rb2 56. Re4+ Kf6 57. Kxd3 Rb3+ 58. Ke2 Rxh3 59. Kf2 Rg3
60. Ra4 Rd3 61. Re4 Rd2+ 62. Kf3 Rd6 63. Re8 Rd4 64. Rf8+ Kg7 65. Rf5 Kg6 66.
Rf8 Rd3+ 67. Ke4 Rd7 68. Ra8 Rf7 69. Rg8+ Kh6 70. Rh8+ Kg7 71. Ra8 Rf4+ 72. Ke5
Rxg4 73. Kf5 Rg2 74. Ra3 Kh6 75. Ra8 Rf2+ 76. Kg4 Rf4+ 77. Kh3 Kg6 78. Rb8 Rf3+
79. Kg2 Ra3 80. Rb4 Re3 81. Kf2 Re5 82. Ra4 Kf5 83. Kf3 Rb5 84. Ra2 g4+ 85. Kg2
Re5 86. Rf2+ Kg5 87. Ra2 Re3 88. Rf2 h3+ 89. Kg1 g3 90. Rf1 Kg4 91. Ra1 Kf3 92.
Rf1+ Ke4 93. Ra1 Rd3 94. Re1+ Kf3 95. Kh1 Kf2 96. Rg1 Ke2 97. Rb1 Rd1+ 98. Rxd1
Kxd1 99. Kg1 Ke2 100. Kh1 g2+ 101. Kg1 Ke1 102. Kh2 Kf1 0-1

[Event "53rd Rilton Cup 2025-26"]
[Site "Stockholm SWE"]
[Date "2026.01.03"]
[Round "7.18"]
[White "Hammer, Jon Ludvig"]
[Black "Goh, Zi Han"]
[Result "1-0"]
[WhiteTitle "GM"]
[BlackTitle "FM"]
[WhiteElo "2606"]
[BlackElo "2370"]
[WhiteFideId "1503707"]
[BlackFideId "5819156"]
[EventDate "2025.12.27"]

1. d4 d5 2. c4 e6 3. Nf3 Nf6 4. g3 Bb4+ 5. Bd2 Be7 6. Bg2 O-O 7. O-O c6 8. Qc2
Nbd7 9. Bf4 b6 10. Rd1 Bb7 11. Ne5 Nh5 12. Bc1 Nhf6 13. Bf4 Nh5 14. Bc1 Nhf6 15.
cxd5 cxd5 16. Nc6 Bxc6 17. Qxc6 a6 18. Qc2 b5 19. Qd3 Nb6 20. b3 Qd7 21. Bd2 Nc8
22. Nc3 Nd6 23. f3 Nf5 24. e3 Rfc8 25. Ne2 Bd8 26. e4 dxe4 27. fxe4 Nxd4 28.
Nxd4 e5 29. Be3 exd4 30. Qxd4 Qxd4 31. Bxd4 Rab8 32. e5 Ne8 33. Bh3 Rc7 34. Rac1
Rbb7 35. Rxc7 Bxc7 36. Bd7 Rb8 37. Rc1 Ba5 38. e6 fxe6 39. Bxe6+ Kh8 40. Rc8 Bc7
41. Rxb8 Bxb8 42. Kf2 h6 43. Ke3 Kh7 44. Ke4 Kg6 45. Bf5+ Kg5 46. h4+ Kh5 47.
Kf3 g5 48. Bg4+ Kg6 49. h5+ Kf7 50. Bc8 a5 51. g4 Nf6 52. Ba6 b4 53. Bb6 Nd7 54.
Bxa5 Ne5+ 55. Ke4 Nxg4 56. Be2 Nf6+ 57. Kf5 Bd6 58. Bd8 Be7 59. Bb6 Nd7 60. Be3
Bc5 61. Bc1 Bd4 62. a4 bxa3 63. Bxa3 Kg7 64. b4 Nb6 65. Ke4 Bf6 66. b5 Na4 67.
Kd3 Nc3 68. b6 Nxe2 69. b7 Be5 70. Bb2 Bxb2 71. b8=Q Nf4+ 72. Ke4 Bf6 73. Kf5
Be7 74. Qe5+ Kf7 75. Qc7 Kf8 76. Qb7 Kf7 77. Qb3+ Kg7 78. Qc3+ Kf7 79. Qh8 Bf8
80. Qh7+ Bg7 81. Kg4 Kf8 82. Qf5+ Kg8 83. Qc8+ Kf7 84. Qc4+ Kf8 85. Kf5 Ke7 86.
Qg8 Bf8 87. Qh7+ Ke8 88. Ke5 Kd8 89. Qf7 Be7 90. Kf5 Kd7 91. Kg4 1-0

[Event "53rd Rilton Cup 2025-26"]
[Site "Stockholm SWE"]
[Date "2026.01.03"]
[Round "7.19"]
[White "Seemann, Jakub"]
[Black "Otsuka, Shou"]
[Result "1-0"]
[WhiteTitle "GM"]
[BlackTitle "FM"]
[WhiteElo "2507"]
[BlackElo "2335"]
[WhiteFideId "21874697"]
[BlackFideId "7004702"]
[EventDate "2025.12.27"]

1. d4 Nf6 2. c4 e6 3. Nf3 d5 4. Nc3 c5 5. e3 Nc6 6. a3 dxc4 7. Bxc4 a6 8. Bd3 b5
9. dxc5 Bxc5 10. b4 Be7 11. Bb2 Bb7 12. O-O O-O 13. Qb1 h6 14. Ne4 Nd5 15. Nc5
Bxc5 16. bxc5 Qe7 17. Rc1 Rac8 18. Qc2 Rc7 19. Nd2 f5 20. Bf1 Nf6 21. a4 b4 22.
a5 Kh8 23. Nb3 Ne4 24. f3 Nf6 25. Re1 Qf7 26. Rad1 e5 27. Bc4 Qh5 28. Qf2 Re7
29. Rd2 g5 30. e4 g4 31. Rd6 Rg7 32. Be2 Qf7 33. Nd2 g3 34. hxg3 fxe4 35. fxe4
Qe7 36. Qe3 Nd4 37. Bxd4 exd4 38. Qxd4 Rxg3 39. Rf1 Kg7 40. Rfxf6 1-0

[Event "53rd Rilton Cup 2025-26"]
[Site "Stockholm SWE"]
[Date "2026.01.03"]
[Round "7.20"]
[White "Ghasi, Ameet K"]
[Black "Banerjee, Supratit"]
[Result "1/2-1/2"]
[WhiteTitle "GM"]
[BlackTitle "FM"]
[WhiteElo "2500"]
[BlackElo "2334"]
[WhiteFideId "409200"]
[BlackFideId "2410079"]
[EventDate "2025.12.27"]

1. c4 Nf6 2. Nc3 g6 3. e4 d6 4. d4 Bg7 5. Be2 O-O 6. h3 c5 7. Nf3 cxd4 8. Nxd4
Nc6 9. Be3 Bd7 10. O-O a6 11. Rc1 Rc8 12. Qd2 Re8 13. Rfd1 Qa5 14. Nb3 Qb4 15.
Qc2 Na5 16. Nd2 Nc6 17. a3 Qa5 18. Nb3 Qd8 19. c5 Na5 20. Nd2 dxc5 21. e5 Bf5
22. Nde4 Nd7 23. g4 Be6 24. Nxc5 Rxc5 25. Bxc5 Nb3 26. Bd4 Nxc1 27. Qxc1 Qb8 28.
f4 g5 29. fxg5 Nxe5 30. Qf4 b5 31. Kf1 Rd8 32. Bc5 Rxd1+ 33. Nxd1 Qb7 34. Nf2
Nc4 35. b3 Be5 36. Qc1 Nd6 37. Qe3 Qd5 38. Bf3 Bf4 39. Qc3 Qxb3 40. Qxb3 Bxb3
41. h4 Bg3 42. h5 Bf4 43. Nd3 Bc4 44. Be2 Bxg5 45. Nb4 Ne4 46. Bxc4 bxc4 47. Bd4
a5 48. Nc2 Nf6 49. a4 Nxg4 50. Na3 e5 51. Bc3 Ne3+ 52. Ke2 Nd5 53. Bxe5 Nb6 54.
Bd4 Nxa4 55. Nxc4 Be7 56. Nxa5 Nc5 57. Nc6 Bd6 58. Bxc5 Bxc5 59. Kf3 Kg7 60. Ne5
Bd4 61. Nxf7 Kxf7 62. h6 Kf6 63. Kg2 Kg5 64. Kh1 Kxh6 65. Kg2 Kg5 66. Kh1 h5 67.
Kg2 Kg4 68. Kh1 h4 69. Kg2 h3+ 70. Kh1 Ba1 71. Kh2 Be5+ 72. Kh1 Bh2 1/2-1/2

[Event "53rd Rilton Cup 2025-26"]
[Site "Stockholm SWE"]
[Date "2026.01.03"]
[Round "7.21"]
[White "Kavutskiy, Kostya"]
[Black "Gut, Raphael"]
[Result "1-0"]
[WhiteTitle "IM"]
[WhiteElo "2354"]
[BlackElo "2140"]
[WhiteFideId "2026384"]
[BlackFideId "1339974"]
[EventDate "2025.12.27"]

1. d4 Nf6 2. c4 g6 3. g3 Bg7 4. Bg2 d5 5. cxd5 Nxd5 6. e4 Nb6 7. Ne2 c5 8. d5
O-O 9. O-O e6 10. Nec3 exd5 11. exd5 Na6 12. Nd2 c4 13. Nde4 f5 14. Ng5 Nc5 15.
Nh3 Nd3 16. Nf4 Nxc1 17. Rxc1 Qd6 18. Re1 Bd7 19. Ne6 Rfe8 20. Nxg7 Rxe1+ 21.
Qxe1 Kxg7 22. Qd2 Re8 23. Re1 Rxe1+ 24. Qxe1 Qf6 25. Qe3 Nc8 26. a4 b6 27. f4 a6
28. Qe5 Nd6 29. Kf2 b5 30. axb5 axb5 31. Ke3 b4 32. Na2 c3 33. b3 Nb7 34. Kd3
Nc5+ 35. Kc4 Ne4 36. Bxe4 fxe4 37. Nxb4 Kf7 38. Qxf6+ Kxf6 39. Kxc3 g5 40. Kd4
gxf4 41. gxf4 Kf5 42. Ke3 h5 43. Nc6 h4 44. Ne5 Bb5 45. d6 Ke6 46. d7 Ke7 47.
Kxe4 Be2 48. f5 1-0

[Event "53rd Rilton Cup 2025-26"]
[Site "Stockholm SWE"]
[Date "2026.01.04"]
[Round "8.1"]
[White "Xu, Xiangyu"]
[Black "Horvath, Dominik"]
[Result "1-0"]
[WhiteTitle "GM"]
[BlackTitle "GM"]
[WhiteElo "2601"]
[BlackElo "2557"]
[WhiteFideId "8608288"]
[BlackFideId "1642561"]
[EventDate "2025.12.27"]

1. c4 Nf6 2. Nc3 g6 3. g3 Bg7 4. Bg2 O-O 5. Nf3 d6 6. O-O a5 7. d3 c6 8. Bd2 d5
9. cxd5 cxd5 10. Qb3 Nc6 11. Rac1 h6 12. Na4 e5 13. Nb6 e4 14. Nxa8 exf3 15.
exf3 Bd7 16. Rxc6 Bxc6 17. Nb6 a4 18. Nxa4 Nd7 19. Bb4 Re8 20. f4 Bd4 21. Bc3
Bxc3 22. Nxc3 Nc5 23. Qc2 Ne6 24. Re1 Qa5 25. a3 Rc8 26. Re5 Qd8 27. Qd2 d4 28.
Ne4 Ba4 29. Bh3 Rc2 30. Qb4 Rc1+ 31. Kg2 Nxf4+ 32. gxf4 Bc6 33. Qd2 Qc7 34. Kg3
Rg1+ 35. Bg2 f5 36. Nf6+ Kf7 37. Nd5 Qd8 38. Kh3 g5 39. Rxf5+ Kg6 40. Qe2 Qd7
41. Qg4 Bxd5 42. Rxd5 Qxg4+ 43. Kxg4 Rxg2+ 44. Kf3 1-0

[Event "53rd Rilton Cup 2025-26"]
[Site "Stockholm SWE"]
[Date "2026.01.04"]
[Round "8.2"]
[White "Li, Di"]
[Black "Demchenko, Anton"]
[Result "1/2-1/2"]
[WhiteTitle "GM"]
[BlackTitle "GM"]
[WhiteElo "2549"]
[BlackElo "2631"]
[WhiteFideId "8607508"]
[BlackFideId "4160258"]
[EventDate "2025.12.27"]

1. d4 d5 2. Nf3 Nf6 3. c4 dxc4 4. e3 e6 5. Bxc4 a6 6. O-O Be7 7. Re1 c5 8. e4 b5
9. Bf1 Bb7 10. a4 O-O 11. e5 Nfd7 12. d5 exd5 13. axb5 axb5 14. Rxa8 Bxa8 15.
Bxb5 d4 16. Nbd2 Bd5 17. Qc2 h6 18. Qf5 Re8 19. Ne4 Bf8 20. Bxh6 gxh6 21. Neg5
hxg5 22. Nxg5 Bg7 23. e6 Bxe6 24. Rxe6 fxe6 25. Qf7+ Kh8 26. Qh5+ Kg8 27. Qf7+
Kh8 28. Qh5+ 1/2-1/2